Statistics for 100 Best Male Footballers 2019

Click here to take the quiz!

General Stats

  • This quiz has been taken 6,964 times
  • The average score is 45 of 100

Answer Stats

# Club Player % Correct
1BarcelonaLionel Messi
99%
4JuventusCristiano Ronaldo
98%
5LiverpoolMohamed Salah
87%
31Paris Saint-GermainNeymar
83%
2LiverpoolVirgil van Dijk
82%
3LiverpoolSadio Mané
81%
15Tottenham HotspurHarry Kane
81%
6Paris Saint-GermainKylian Mbappé
80%
13Manchester CitySergio Agüero
76%
26BarcelonaLuis Suárez
75%
89Tottenham HotspurDele Alli
74%
12Manchester CityKevin De Bruyne
73%
7Bayern MunichRobert Lewandowski
73%
11LiverpoolRoberto Firmino
68%
8Manchester CityRaheem Sterling
66%
19Tottenham HotspurSon Heung-min
65%
16Manchester CityBernardo Silva
65%
14Real MadridEden Hazard
65%
68Paris Saint-GermainThiago Silva
64%
46Manchester CityDavid Silva
64%
17LiverpoolTrent Alexander-Arnold
64%
25BarcelonaAntoine Griezmann
63%
9LiverpoolAlisson
61%
45Real MadridLuka Modric
60%
20Real MadridKarim Benzema
60%
96LA GalaxyZlatan Ibrahimovic
59%
23LiverpoolAndrew Robertson
59%
36Real MadridSergio Ramos
58%
55Manchester UnitedPaul Pogba
57%
10BarcelonaFrenkie de Jong
57%
28ArsenalPierre-Emerick Aubameyang
57%
74LiverpoolJordan Henderson
55%
48Leicester CityJamie Vardy
55%
56Paris Saint-GermainEdinson Cavani
54%
51Inter MilanRomelu Lukaku
54%
82BarcelonaGerard Piqué
52%
21BarcelonaMarc-André ter Stegen
52%
18JuventusMatthijs de Ligt
51%
40Manchester CityEderson
50%
42JuventusPaulo Dybala
49%
22ChelseaN'Golo Kanté
49%
72Manchester UnitedMarcus Rashford
48%
44Real MadridToni Kroos
47%
80Borussia DortmundMarco Reus
46%
91Manchester CityLeroy Sané
45%
93Manchester UnitedDavid de Gea
44%
75Manchester CityGabriel Jesus
43%
41Tottenham HotspurChristian Eriksen
43%
32Borussia DortmundJadon Sancho
43%
99ArsenalAlexandre Lacazette
42%
49Manchester CityRiyad Mahrez
41%
43LiverpoolGeorginio Wijnaldum
41%
59RB LeipzigTimo Werner
41%
88Tottenham HotspurHugo Lloris
40%
34LiverpoolFabinho
40%
84Norwich CityTeemu Pukki
40%
78NapoliDries Mertens
39%
53RB SalzburgErling Braut Haaland
39%
100Bayern MunichPhilippe Coutinho
38%
65BarcelonaJordi Alba
37%
79BarcelonaSergio Busquets
37%
73Real MadridRaphaël Varane
37%
54Manchester CityAymeric Laporte
36%
24Atlético MadridJan Oblak
36%
29AjaxHakim Ziyech
35%
58Manchester CityFernandinho
35%
27AjaxDusan Tadic
35%
70JuventusGiorgio Chiellini
34%
35Atlético MadridJoão Félix
33%
39Paris Saint-GermainÁngel Di María
33%
30NapoliKalidou Koulibaly
31%
37Bayern MunichJoshua Kimmich
31%
60Paris Saint-GermainMauro Icardi
30%
63LazioCiro Immobile
30%
47Inter MilanLautaro Martínez
29%
85Inter MilanDiego Godín
29%
38Bayern MunichSerge Gnabry
29%
87ChelseaTammy Abraham
29%
76LyonMemphis Depay
29%
33AjaxDonny van de Beek
29%
61Real MadridCasemiro
27%
81Paris Saint-GermainMarco Verratti
27%
67Tottenham HotspurLucas Moura
25%
50JuventusMiralem Pjanic
23%
69SportingBruno Fernandes
22%
62ChelseaJorginho
21%
71Paris Saint-GermainMarquinhos
21%
86Bayer LeverkusenKai Havertz
21%
57São Paulo FCDani Alves
18%
98Inter MilanSamir Handanovic
17%
77BarcelonaArthur
16%
83Atlético MadridJosé María Giménez
15%
52FlamengoGabriel Barbosa
14%
97VillarrealSanti Cazorla
13%
64AtalantaDuván Zapata
13%
94SampdoriaFabio Quagliarella
11%
90Borussia DortmundAchraf Hakimi
10%
92GrêmioEverton
9%
95Paris Saint-GermainIdrissa Gueye
8%
66FlamengoBruno Henrique
6%

Score Distribution

Percentile by Number Answered

Percent of People with Each Score

Your Score History

You have not taken this quiz